Nommez une sous-préfecture valide (2) - Statistiques

Statistiques générales
  • Ce quiz a été pris 34 fois
  • Le résultat moyen est 9 sur 14
Statistiques - réponses
Critère # Sous-préfecture % Correct
Avec un réseau de tramway 5 Brest / Le Havre / Mulhouse / Reims / Valenciennes
94%
Dans un département commençant par un Y 5 Avallon / Mantes-la-Jolie / Rambouillet / Saint-Germain-en-Laye / Sens
88%
Finissant par -ville 5 Abbeville / Albertville / Bonneville / Lunéville / Thionville
78%
Dans l'Oise 3 Clermont / Compiègne / Senlis
78%
Commençant par un I 3 Issoire / Issoudun / Istres
78%
Au sud de l'Équateur 3 Saint-Benoît / Saint-Paul / Saint-Pierre
78%
Sur la Loire 4 Cosne-Cours-sur-Loire / Roanne / Saint-Nazaire / Saumur
72%
Dans la même unité urbaine que la préfecture de son département 5 Aix-en-Provence / Carpentras / Grasse / Istres / Muret
59%
Au sud de Perpignan et en métropole 5 Calvi / Ceret / Corte / Prades / Sartène
59%
Avec une densité supérieure à 10 000 hab/km2 2 Boulogne-Billancourt / Nogent-sur-Marne
47%
30e (ou plus) ville de son département en terme de population 13 Avesnes-sur-Helpe / Blaye / Charolles / Châteaulin / Jonzac / Langon / Largentière / Lesparre-Médoc / Le Raincy / Le Vigan / Montreuil-sur-Mer / Nantua / Provins
44%
Dont le nom contient un K et/ou un Q 3 Altkirch / Dunkerque / Forcalquier
38%
Sur la Côte d'Émeraude 1 Saint-Malo
28%
Dont l'altitude moyenne est supérieure à 800 m 5 Florac / Gex / Pontarlier / Saint-Flour / Yssingeaux
25%
Aucun quiz correspondant
Distribution des résultats
% des personnes avec chaque résultat
Percentile par nombre de réponses
Votre historique - résultats
Vous n’avez pas pris ce quiz